| 000 | 00679nam a22002297a 4500 | ||
|---|---|---|---|
| 003 | BUBTL | ||
| 008 | 240329b ||||| |||| 00| 0 eng d | ||
| 041 | _aEnglish | ||
| 082 |
_25th ed. _a 347.05/ Sa737c/ |
||
| 100 |
_95795 _aSarkar, S. C. |
||
| 245 |
_aThe Law of Civil Procedure / _bS. C. Sarkar and Prabhas C. Sarkar |
||
| 250 | _a5th ed. | ||
| 260 |
_aCalcutta: _bS. C. Sarkar & Sons (Private) LTD, |
||
| 300 |
_a1197 p. : _bill. ; 24 cm. |
||
| 500 | _aIncludes Index. | ||
| 526 | _aLaw | ||
| 650 | 0 |
_92102 _aLaw |
|
| 700 |
_95796 _aS. C. Sarkar and Prabhas C. Sarkar |
||
| 856 |
_k0 _l0 _yDownload |
||
| 942 |
_2ddc _cBK |
||
| 999 |
_c7297 _d7297 |
||